| 000 | 00430nam a2200181Ia 4500 | ||
|---|---|---|---|
| 008 | 210210b1946 xxu||||| |||| 00| 0 eng d | ||
| 041 | _aeng | ||
| 082 | _a590/287 | ||
| 100 | _aSHULL (A Franklin) | ||
| 245 | _aPrinciples of animal biology | ||
| 260 |
_aNew York _bMcGraw Hill Book Company _c1946 |
||
| 650 | _aPrinciples | ||
| 650 | _aof | ||
| 650 | _abiology | ||
| 650 | _aanimal | ||
| 690 | _aZoology | ||
| 906 | _a010857 | ||
| 999 |
_c138749 _d138749 |
||